| 000 -LEADER |
| fixed length control field |
00576cam a22002051 4500 |
| 040 ## - CATALOGING SOURCE |
| Transcribing agency |
DLC |
| 082 00 - DEWEY DECIMAL CLASSIFICATION NUMBER |
| Classification number |
641 ADR 1968 C285 Or. |
| 100 1# - MAIN ENTRY--AUTHOR NAME |
| Personal name |
Adrian, Jean, |
| 245 10 - TITLE STATEMENT |
| Title |
Valeur alimentaire de l'arachide et de ses dérivés, |
| 260 ## - PUBLICATION, DISTRIBUTION, ETC. (IMPRINT) |
| Place of publication |
Paris, |
| Name of publisher |
G. P. Maisonneuve et Larose, |
| Year of publication |
1968. |
| 300 ## - PHYSICAL DESCRIPTION |
| Number of Pages |
275 p. |
| Other physical details |
illus. |
| Dimensions |
25 cm. |
| 490 0# - SERIES STATEMENT |
| Series statement |
Techniques agricoles et productions tropicales, |
| 650 #0 - SUBJECT ADDED ENTRY--TOPICAL TERM |
| Topical Term |
Peanuts. |
| 650 #0 - SUBJECT ADDED ENTRY--TOPICAL TERM |
| Topical Term |
Peanut products. |
| 650 #2 - SUBJECT ADDED ENTRY--TOPICAL TERM |
| Topical Term |
Dietary Proteins. |
| 650 #2 - SUBJECT ADDED ENTRY--TOPICAL TERM |
| Topical Term |
Nutrition. |
| 650 #2 - SUBJECT ADDED ENTRY--TOPICAL TERM |
| Topical Term |
Peanuts. |
| 700 1# - ADDED ENTRY--PERSONAL NAME |
| Personal name |
Jacquot, Raymond, |
| 942 ## - ADDED ENTRY ELEMENTS (KOHA) |
| Koha item type |
ADB |
| 952 ## - LOCATION AND ITEM INFORMATION (KOHA) |
| Withdrawn status [LOCAL, KOHA] |
0 |